第51回衆議院議員総選挙当選者 - Statistics

General Stats
  • This quiz has been taken 60 times
  • The average score is 139 of 465
Answer Stats
選挙区 当選者 政党 % Correct
330 奈良2区 高市早苗 自民
98%
131 神奈川11区 小泉進次郎 自民
95%
397 香川2区 玉木雄一郎 国民
95%
363 鳥取1区 石破茂 自民
93%
372 広島1区 岸田文雄 自民
91%
418 福岡8区 麻生太郎 自民
91%
043 千葉14区 野田佳彦 中道
88%
294 京都3区 泉健太 中道
88%
396 香川1区 小川淳也 中道
86%
024 岩手1区 階猛 中道
84%
407 比例四国 村上誠一郎 自民
77%
109 千葉2区 小林鷹之 自民
74%
186 東京24区 萩生田光一 自民
74%
248 愛知1区 河村たかし 減ゆ
74%
293 京都2区 前原誠司 国民
74%
381 山口3区 林芳正 自民
74%
068 栃木5区 茂木敏充 自民
70%
135 神奈川15区 河野太郎 自民
70%
392 比例中国 斉藤鉄夫 中道
70%
434 大分3区 岩屋毅 自民
70%
235 岐阜1区 野田聖子 自民
67%
030 宮城4区 森下千里 自民
65%
222 福井1区 稲田朋美 自民
63%
240 静岡1区 上川陽子 自民
63%
316 大阪19区 谷川とむ 自民
63%
309 大阪12区 藤田文武 維新
60%
371 岡山3区 加藤勝信 自民
60%
025 岩手2区 鈴木俊一 自民
58%
169 東京7区 丸川珠代 自民
58%
173 東京11区 下村博文 自民
58%
194 比例東京 長妻昭 中道
58%
202 比例東京 田村智子 共産
58%
007 北海道7区 鈴木貴子 自民
56%
101 比例北関東 石井啓一 中道
56%
314 大阪17区 馬場伸幸 維新
56%
380 山口2区 岸信千世 自民
56%
069 群馬1区 中曽根康隆 自民
53%
146 比例南関東 深作ヘスス 国民
53%
176 東京14区 松島みどり 自民
53%
249 愛知2区 古川元久 国民
53%
324 兵庫8区 青山繁晴 自民
53%
364 鳥取2区 赤澤亮正 自民
53%
010 北海道10区 神谷裕 中道
51%
073 群馬5区 小渕優子 自民
51%
210 東京30区 長島昭久 自民
51%
026 岩手3区 藤原崇 自民
49%
032 宮城5区 小野寺五典 自民
49%
061 茨城5区 浅野哲 国民
49%
163 東京1区 山田美樹 自民
49%
165 東京3区 石原宏高 自民
49%
333 和歌山2区 世耕弘成 無所属
49%
367 岡山1区 逢沢一郎 自民
49%
406 比例四国 平井卓也 自民
49%
428 熊本1区 木原稔 自民
49%
440 鹿児島3区 野間健 中道
49%
446 比例九州 江藤拓 自民
49%
063 茨城7区 中村勇太 無所属
47%
118 千葉11区 森英介 自民
47%
180 東京18区 福田かおる 自民
47%
192 比例東京 森洋介 国民
47%
231 比例北陸信越 西村智奈美 中道
47%
325 兵庫9区 西村康稔 自民
47%
356 比例近畿 伊佐進一 中道
47%
403 高知1区 中谷元 自民
47%
037 山形2区 鈴木憲和 自民
44%
052 比例東北 有田芳生 中道
44%
058 茨城2区 額賀福志郎 自民
44%
072 群馬4区 福田達夫 自民
44%
162 比例南関東 山本譲司 れいわ
44%
179 東京17区 平沢勝栄 自民
44%
419 福岡9区 緒方林太郎 無所属
44%
441 鹿児島4区 森山裕 自民
44%
015 比例北海道 村木汀 自民
42%
038 山形3区 加藤鮎子 自民
42%
076 埼玉3区 黄川田仁志 自民
42%
098 比例北関東 豊田真由子 参政
42%
137 神奈川17区 牧島かれん 自民
42%
177 東京15区 大空幸星 自民
42%
244 静岡5区 細野豪志 自民
42%
254 愛知7区 日野紗里亜 国民
42%
258 愛知11区 丹野みどり 国民
42%
361 比例近畿 斎藤アレックス 維新
42%
008 北海道8区 向山淳 自民
40%
062 茨城6区 国光文乃 自民
40%
066 栃木3区 渡邊真太朗 無所属
40%
112 千葉5区 英利アルフィヤ 自民
40%
119 千葉12区 浜田靖一 自民
40%
166 東京4区 平将明 自民
40%
209 新潟5区 高鳥修一 自民
40%
421 福岡11区 武田良太 自民
40%
433 大分2区 広瀬建 自民
40%
442 沖縄1区 國場幸之助 自民
40%
011 北海道11区 中川紘一 自民
37%
013 比例北海道 伊東良孝 自民
37%
023 青森3区 木村次郎 自民
37%
035 秋田3区 村岡敏英 国民
37%
040 福島2区 根本拓 自民
37%
050 比例東北 和田政宗 参政
37%
060 茨城4区 梶山弘志 自民
37%
064 栃木1区 船田元 自民
37%
172 東京10区 鈴木隼人 自民
37%
175 東京13区 土田慎 自民
37%
187 東京25区 井上信治 自民
37%
191 比例東京 岡本三成 中道
37%
212 長野2区 藤田ひかる 自民
37%
232 比例北陸信越 菊田真紀子 中道
37%
315 大阪18区 遠藤敬 維新
37%
331 奈良3区 田野瀬太道 自民
37%
346 比例近畿 渡嘉敷奈緒美 自民
37%
342 比例近畿 伊東信久 維新
37%
359 比例近畿 辰巳孝太郎 共産
37%
370 岡山4区 橋本岳 自民
37%
373 広島2区 平口洋 自民
37%
394 徳島1区 仁木博文 自民
37%
398 香川3区 大野敬太郎 自民
37%
435 宮崎1区 渡辺創 中道
37%
436 宮崎2区 長友慎治 国民
37%
445 沖縄4区 西銘恒三郎 自民
37%
012 北海道12区 武部新 自民
37%
018 比例北海道 浮島智子 中道
35%
019 比例北海道 山岡達丸 中道
35%
021 青森1区 津島淳 自民
35%
057 茨城1区 田所嘉徳 自民
35%
086 埼玉16区 土屋品子 自民
35%
090 比例北関東 簗和生 自民
35%
092 比例北関東 永岡桂子 自民
35%
096 比例北関東 大島敦 中道
35%
138 神奈川18区 山際大志郎 自民
35%
369 神奈川20区 金澤結衣 自民
35%
170 東京8区 門寛子 自民
35%
182 東京20区 木原誠二 自民
35%
216 富山1区 中田宏 自民
35%
223 福井2区 斉木武志 自民
35%
239 岐阜5区 古屋圭司 自民
35%
246 静岡7区 城内実 自民
35%
266 三重4区 鈴木英敬 自民
35%
295 京都4区 北神圭朗 自民
35%
328 兵庫12区 山口壯 自民
35%
374 広島3区 石橋林太郎 自民
35%
395 徳島2区 山口俊一 自民
35%
424 長崎1区 西岡秀子 国民
35%
437 宮崎3区 古川禎久 自民
35%
444 沖縄3区 島尻安伊子 自民
35%
029 宮城3区 西村明宏 自民
33%
041 福島3区 上杉謙太郎 自民
33%
042 福島4区 坂本竜太郎 自民
33%
051 比例東北 金子恵美 中道
33%
074 埼玉1区 村井英樹 自民
33%
107 比例北関東 鈴木義弘 国民
33%
110 千葉3区 松野博一 自民
33%
114 千葉7区 齋藤健 自民
33%
122 神奈川2区 新田章文 自民
33%
150 比例南関東 後藤祐一 中道
33%
183 東京21区 小田原潔 自民
33%
291 東京26区 今岡植 自民
33%
208 新潟4区 鷲尾英一郎 自民
33%
213 長野3区 井出庸生 自民
33%
221 石川3区 西田昭二 自民
33%
261 愛知14区 今枝宗一郎 自民
33%
263 三重1区 田村憲久 自民
33%
265 三重3区 石原正敬 自民
33%
280 比例東海 重徳和彦 中道
33%
287 比例東海 田中健 国民
33%
292 京都1区 勝目康 自民
33%
378 広島6区 小林史明 自民
33%
387 比例中国 吉田真次 自民
33%
401 愛媛2区 井原巧 自民
33%
410 比例四国 飯泉嘉門 国民
33%
422 佐賀1区 岩田和親 自民
33%
423 佐賀2区 古川康 自民
33%
426 長崎3区 金子容三 自民
33%
431 熊本4区 金子恭之 自民
33%
432 大分1区 衛藤博昭 自民
33%
439 鹿児島2区 三反園訓 自民
33%
443 沖縄2区 宮崎政久 自民
33%
027 宮城1区 土井亨 自民
30%
033 秋田1区 冨樫博之 自民
30%
047 比例東北 御法川信英 自民
30%
048 比例東北 米内紘正 自民
30%
059 茨城3区 葉梨康弘 自民
30%
070 群馬2区 井野俊郎 自民
30%
071 群馬3区 笹川博義 自民
30%
082 埼玉9区 大塚拓 自民
30%
084 埼玉11区 小泉龍司 自民
30%
097 比例北関東 橋本幹彦 国民
30%
113 千葉6区 渡辺博道 自民
30%
123 神奈川3区 中西健治 自民
30%
128 神奈川8区 三谷英弘 自民
30%
130 神奈川10区 田中和徳 自民
30%
164 東京2区 辻清人 自民
30%
178 東京16区 大西洋平 自民
30%
195 比例東京 落合貴之 中道
30%
197 比例東京 吉川里奈 参政
30%
218 富山3区 橘慶一郎 自民
30%
236 岐阜2区 棚橋泰文 自民
30%
245 静岡6区 勝俣孝明 自民
30%
253 愛知6区 丹羽秀樹 自民
30%
288 滋賀1区 大岡敏孝 自民
30%
296 京都5区 本田太郎 自民
30%
326 兵庫10区 渡海紀三朗 自民
30%
329 奈良1区 小林茂樹 自民
30%
353 比例近畿 赤羽一嘉 中道
30%
365 島根1区 高階恵美子 自民
30%
368 岡山2区 山下貴司 自民
30%
375 広島4区 新谷正義 自民
30%
383 比例中国 寺田稔 自民
30%
385 比例中国 阿部俊子 自民
30%
404 高知2区 尾崎正直 自民
30%
412 福岡2区 鬼木誠 自民
30%
416 福岡6区 鳩山二郎 自民
30%
438 鹿児島1区 宮路拓馬 自民
30%
028 宮城2区 渡辺勝幸 自民
28%
036 山形1区 遠藤寛明 自民
28%
075 埼玉2区 新藤義孝 自民
28%
078 埼玉5区 井原隆 自民
28%
083 埼玉10区 山口晋 自民
28%
085 埼玉12区 野中厚 自民
28%
108 千葉1区 門山宏哲 自民
28%
127 神奈川7区 鈴木馨祐 自民
28%
140 山梨2区 堀内詔子 自民
28%
151 比例南関東 早稲田夕季 中道
28%
155 比例南関東 金村龍那 維新
28%
174 東京12区 高木啓 自民
28%
181 東京19区 松本洋平 自民
28%
185 東京23区 川松真一朗 自民
28%
203 比例東京 高山聡史 みらい
28%
206 新潟2区 国定勇人 自民
28%
214 長野4区 後藤茂之 自民
28%
215 長野5区 宮下一郎 自民
28%
217 富山2区 上田英俊 自民
28%
219 石川1区 小森卓郎 自民
28%
230 比例北陸信越 近藤和也 中道
28%
237 岐阜3区 武藤容治 自民
28%
241 静岡2区 井林辰憲 自民
28%
243 静岡4区 深澤陽一 自民
28%
269 比例東海 鈴木淳司 自民
28%
289 滋賀2区 上野賢一郎 自民
28%
302 大阪5区 梅村聡 維新
28%
318 兵庫2区 阿部圭史 維新
28%
332 和歌山1区 山本大地 自民
28%
355 比例近畿 山本香苗 中道
28%
379 山口1区 高村正大 自民
28%
399 愛媛1区 塩崎彰久 自民
28%
405 比例四国 瀬戸隆一 自民
28%
413 福岡3区 古賀篤 自民
28%
425 長崎2区 加藤竜祥 自民
28%
004 北海道4区 中村裕之 自民
28%
005 北海道5区 和田義明 自民
28%
006 北海道6区 東国幹 自民
28%
014 比例北海道 渡辺孝一 自民
26%
022 青森2区 神田潤一 自民
26%
044 比例東北 江渡聡徳 自民
26%
065 栃木2区 五十嵐清 自民
26%
077 埼玉4区 穂坂泰 自民
26%
087 埼玉13区 三ツ林裕巳 自民
26%
093 比例北関東 石川昭政 自民
26%
121 神奈川1区 丸尾南都子 自民
26%
125 神奈川5区 坂井学 自民
26%
132 神奈川12区 星野剛士 自民
26%
133 神奈川13区 丸田康一郎 自民
26%
382 神奈川19区 草間剛 自民
26%
147 比例南関東 笠浩史 中道
26%
152 比例南関東 田嶋要 中道
26%
171 東京9区 菅原一秀 自民
26%
334 東京27区 黒崎祐一 自民
26%
376 東京28区 安藤高夫 自民
26%
207 新潟3区 斎藤洋明 自民
26%
211 長野1区 若林健太 自民
26%
220 石川2区 佐々木紀 自民
26%
227 比例北陸信越 小竹凱 国民
26%
247 静岡8区 稲葉大輔 自民
26%
262 愛知15区 根本幸典 自民
26%
290 滋賀3区 武村展英 自民
26%
308 大阪11区 中司宏 維新
26%
311 大阪14区 青柳仁士 維新
26%
323 兵庫7区 山田賢司 自民
26%
354 比例近畿 中野洋昌 中道
26%
357 比例近畿 国重徹 中道
26%
415 福岡5区 栗原渉 自民
26%
420 福岡10区 吉村悠 自民
26%
429 熊本2区 西野太亮 自民
26%
430 熊本3区 坂本哲志 自民
26%
020 比例北海道 臼木秀剛 国民
23%
034 秋田2区 福原淳嗣 自民
23%
088 埼玉15区 田中良生 自民
23%
115 千葉8区 松本泉 自民
23%
116 千葉9区 田宮寿人 自民
23%
120 千葉13区 松本尚 自民
23%
124 神奈川4区 永田磨梨奈 自民
23%
139 山梨1区 中谷真一 自民
23%
167 東京5区 若宮健嗣 自民
23%
198 比例東京 阿部司 維新
23%
196 比例東京 井戸正枝 国民
23%
224 比例北陸信越 田畑裕明 自民
23%
259 愛知12区 青山周平 自民
23%
260 愛知13区 石井拓 自民
23%
264 三重2区 川崎秀人 自民
23%
273 比例東海 熊田裕通 自民
23%
277 比例東海 福田徹 国民
23%
297 京都6区 園崎弘道 自民
23%
312 大阪15区 浦野靖人 維新
23%
317 兵庫1区 盛山正仁 自民
23%
319 兵庫3区 関芳弘 自民
23%
320 兵庫4区 藤井比早之 自民
23%
321 兵庫5区 谷公一 自民
23%
322 兵庫6区 大串正樹 自民
23%
347 比例近畿 繁本護 自民
23%
366 島根2区 高見康裕 自民
23%
402 愛媛3区 長谷川淳二 自民
23%
414 福岡4区 宮内秀樹 自民
23%
417 福岡7区 藤丸敏 自民
23%
449 比例九州 武井俊輔 自民
23%
448 比例九州 三原朝利 自民
23%
452 比例九州 阿部弘樹 自民
23%
462 比例九州 村上智信 維新
23%
001 北海道1区 加藤貴弘 自民
23%
003 北海道3区 高木宏壽 自民
23%
002 北海道2区 高橋祐介 自民
21%
017 比例北海道 佐藤英道 中道
21%
045 比例東北 秋葉賢也 自民
21%
067 栃木4区 石坂太 自民
21%
080 埼玉7区 中野英幸 自民
21%
081 埼玉8区 柴山昌彦 自民
21%
106 比例北関東 塩川鉄也 共産
21%
111 千葉4区 鹿嶋祐介 自民
21%
117 千葉10区 小池正昭 自民
21%
126 神奈川6区 古川直季 自民
21%
134 神奈川14区 赤間二郎 自民
21%
141 比例南関東 長野春信 自民
21%
149 比例南関東 岡野純子 国民
21%
184 東京22区 伊藤達也 自民
21%
229 比例東京 宇佐美登 みらい
21%
205 新潟1区 内山航 自民
21%
228 比例北陸信越 川裕一郎 参政
21%
251 愛知4区 工藤彰三 自民
21%
256 愛知9区 長坂康正 自民
21%
257 愛知10区 若山慎司 自民
21%
400 愛知16区 山下史守朗 自民
21%
298 大阪1区 井上英孝 維新
21%
300 大阪3区 東徹 維新
21%
305 大阪8区 漆間譲司 維新
21%
310 大阪13区 岩谷良平 維新
21%
350 比例近畿 宗清皇一 自民
21%
377 広島5区 山本深 自民
21%
384 比例中国 平沼正二郎 自民
21%
386 比例中国 鍋島勢理 国民
21%
411 福岡1区 井上貴博 自民
21%
463 比例九州 許斐亮太郎 国民
21%
049 比例東北 伊藤信太郎 自民
19%
079 埼玉6区 尾花瑛仁 自民
19%
031 埼玉14区 藤田誠 自民
19%
089 比例北関東 尾身朝子 自民
19%
099 比例北関東 青木ひとみ 参政
19%
129 神奈川9区 上原正裕 自民
19%
136 神奈川16区 佐藤主迪 自民
19%
160 比例南関東 畑野君枝 共産
19%
168 東京6区 畦元将吾 自民
19%
255 愛知8区 伊藤忠彦 自民
19%
271 比例東海 斉藤里恵 自民
19%
282 比例東海 犬飼明佳 中道
19%
299 大阪2区 高見亮 維新
19%
301 大阪4区 美延映夫 維新
19%
348 比例近畿 中山泰秀 自民
19%
335 比例近畿 三木圭恵 維新
19%
408 比例四国 中山展宏 自民
19%
453 比例九州 小里泰弘 自民
19%
451 比例九州 浅田眞澄美 自民
19%
447 比例九州 保岡宏武 自民
19%
009 北海道9区 松下英樹 自民
16%
039 福島1区 西山尚利 自民
16%
046 比例東北 菅家一郎 自民
16%
053 比例東北 佐々木真琴 国民
16%
095 比例北関東 中根一幸 自民
16%
148 比例南関東 西岡義高 国民
16%
427 東京29区 長沢興祐 自民
16%
204 比例東京 峰島侑也 みらい
16%
226 比例北陸信越 古井康介 自民
16%
238 岐阜4区 加藤大博 自民
16%
242 静岡3区 山本裕三 自民
16%
252 愛知5区 岡本康宏 自民
16%
267 比例東海 細田健一 自民
16%
306 大阪9区 萩原佳 維新
16%
345 比例近畿 高麗啓一郎 自民
16%
349 比例近畿 島田智明 自民
16%
358 比例近畿 藤田洋司 自民
16%
338 比例近畿 向山好一 国民
16%
456 比例九州 白坂亜紀 自民
16%
454 比例九州 近藤雅彦 国民
16%
465 比例九州 古川あおい みらい
16%
094 比例北関東 鈴木拓海 自民
14%
143 比例南関東 文月涼 自民
14%
193 比例東京 高沢一基 国民
14%
233 比例北陸信越 若狭清史 維新
14%
250 愛知3区 水野良彦 自民
14%
275 比例東海 山本左近 自民
14%
274 比例東海 辻秀樹 自民
14%
278 比例東海 野村美穂 国民
14%
303 大阪6区 西田薫 維新
14%
307 大阪10区 池下卓 維新
14%
313 大阪16区 黒田征樹 維新
14%
351 比例近畿 小寺裕雄 自民
14%
341 比例近畿 一谷勇一郎 維新
14%
391 比例中国 平林晃 中道
14%
461 比例九州 河野義博 中道
14%
016 比例北海道 吉田有理 自民
12%
104 比例北関東 前川恵 自民
12%
100 比例北関東 武藤かず子 みらい
12%
188 比例東京 田中昌史 自民
12%
200 比例東京 大森江里子 中道
12%
268 比例東海 藤澤忠盛 自民
12%
276 比例東海 世古万美子 自民
12%
284 比例東海 関健一郎 維新
12%
304 大阪7区 奥下剛光 維新
12%
352 比例近畿 石田真敏 自民
12%
344 比例近畿 原山大亮 維新
12%
360 比例近畿 石川勝 参政
12%
450 比例九州 上野宏史 自民
12%
460 比例九州 金城泰邦 中道
12%
054 比例東北 庄子賢一 中道
9%
091 比例北関東 西條昌良 自民
9%
105 比例北関東 柏倉祐司 維新
9%
156 比例南関東 横田光弘 維新
9%
153 比例南関東 中谷めぐ 参政
9%
190 比例東京 森原紀代子 自民
9%
201 比例東京 河西宏一 中道
9%
199 比例東京 鈴木美香 参政
9%
225 比例北陸信越 今洋佑 自民
9%
272 比例東海 中川貴元 自民
9%
327 兵庫11区 山田基靖 自民
9%
339 比例近畿 東田淳平 自民
9%
336 比例近畿 河井昭成 国民
9%
455 比例九州 河野正美 自民
9%
457 比例九州 木下敏之 参政
9%
102 比例北関東 輿水恵一 中道
7%
103 比例北関東 福重隆浩 中道
7%
144 比例南関東 岩崎比菜 自民
7%
154 比例南関東 工藤聖子 参政
7%
161 比例南関東 山田瑛理 みらい
7%
234 比例北陸信越 中川宏昌 中道
7%
270 比例東海 長田紘一郎 自民
7%
279 比例東海 渡辺藍理 参政
7%
286 比例東海 須田英太郎 みらい
7%
340 比例近畿 市村浩一郎 維新
7%
362 比例近畿 谷浩一郎 参政
7%
393 比例中国 喜多義典 維新
7%
055 比例東北 林拓海 みらい
5%
159 比例南関東 角田秀穂 中道
5%
158 比例南関東 沼崎満子 中道
5%
145 比例南関東 原田直樹 中道
5%
056 比例南関東 小林修平 みらい
5%
390 比例東京 土橋章宏 みらい
5%
283 比例東海 中川康洋 中道
5%
281 比例東海 西園勝秀 中道
5%
285 比例東海 伊藤恵介 参政
5%
343 比例近畿 池畑浩太朗 維新
5%
337 比例近畿 住吉寛紀 維新
5%
388 比例中国 俵田祐児 自民
5%
389 比例中国 島村薫 参政
5%
409 比例四国 山崎正恭 中道
5%
458 比例九州 浜地雅一 中道
5%
464 比例九州 牧野俊一 参政
5%
142 比例南関東 伊藤聡 自民
2%
157 比例南関東 河合道雄 みらい
2%
189 比例東京 辻由布子 自民
2%
459 比例九州 吉田宣弘 中道
2%
No matching quizzes found
Score Distribution
Percent of People with Each Score
Percentile by Number Answered
Your Score History
You have not taken this quiz